Ranking najbogatszych krajów na świecie w 2025 - Statystyki

Ogólne statystyki
  • Ten quiz został rozwiązany 59 razy
  • Średni wynik to 22 z 32
Odpowiedzi na mapie
Odpowiedzi zakodowano w zielono-czerwonej skali na mapie do tego quizu, zgodnie z poniższymi procentami.
 
Statystyki odpowiedzi
Państwa % Poprawnych
Stany Zjednoczone
94%
Niemcy
92%
Francja
90%
Hiszpania
88%
Włochy
88%
Kanada
86%
Belgia
84%
Dania
84%
Holandia
84%
Luksemburg
84%
Norwegia
84%
Szwajcaria
84%
Szwecja
84%
Austria
82%
Finlandia
80%
Irlandia
80%
Islandia
74%
Katar
74%
Australia
72%
Korea Południowa
72%
Singapur
68%
ZEA
68%
Nowa Zelandia
62%
Malta
60%
Cypr
54%
Izrael
52%
Słowenia
48%
Andora
46%
San Marino
46%
Brunei
20%
Bahamy
18%
Zjednoczone Królestwo
4%
Nie znaleziono quizów pasujących do podanych kryteriów
Rozkład punktacji
Procent ludzi z każdym wynikiem
Percentyl według liczby udzielonych odpowiedzi
Twoja historia wyników
Nie rozwiązałeś tego quizu